| 000 | 01165nam a2200241Ia 4500 | ||
|---|---|---|---|
| 003 | Ost | ||
| 005 | 20260507075304.0 | ||
| 008 | 260507s9999||||xx |||||||||||||| ||und|| | ||
| 020 | _a90748299579 | ||
| 040 | _cfsecg | ||
| 041 | _aara | ||
| 082 | _a330 | ||
| 100 |
_aالطراونة، عمر _eمؤلف |
||
| 245 | 0 |
_aإدارة مستودعات المواد المبردة و المجمدة / _c عمر الطراونة |
|
| 260 |
_aعمان: _bدار البداية, _c2011 |
||
| 300 |
_a287 صفحة؛ _bإيضاحات ؛ _c25 سم |
||
| 520 | _aتقييم الاآر البيئية للصناعة و تحضير تقييم الأثر البيئي ، الاشتراطات الهندسية و البيئية لقطاع الصناعات الغذائية و لقطاع المسالخ ، الصناعات البيتروكيماوية ، الصناعات النسيجسية ، الاشتراطات الهندسية و البيئية لقطاع المخازن و دراسة التخزين. | ||
| 653 | _aالادارة | ||
| 653 | _aالمؤسسات الصناعية | ||
| 653 | _aالمواد | ||
| 653 | _aالمواد ــ ادارة | ||
| 942 | _cكتاب | ||
| 999 |
_c43805 _d43805 |
||